Die Europäische Integration aus der Sicht der Rechtsprechung nationaler Verfassungsgerichte

Saved in:
Bibliographic Details
Main Authors: Müller-Graff, Peter-Christian (Author) , Reichel, Anja (Author)
Format: Chapter/Article
Language:German
Published: 1998
In: Europapolitische Grundverständnisse im Wandel
Year: 1998, Pages: 365-418
Online Access: Get full text
Author Notes:Peter-Christian Müller-Graff; Anja Reichel

MARC

LEADER 00000caa a22000002c 4500
001 1482829894
003 DE-627
005 20220811104816.0
007 tu
008 140822s1998 xx ||||| 00| ||ger c
035 |a (DE-627)1482829894 
035 |a (DE-576)412829894 
035 |a (DE-599)BSZ412829894 
035 |a (OCoLC)1340644141 
040 |a DE-627  |b ger  |c DE-627  |e rakwb 
041 |a ger 
084 |a 19  |2 sdnb 
100 1 |a Müller-Graff, Peter-Christian  |d 1945-  |0 (DE-588)121637565  |0 (DE-627)081437714  |0 (DE-576)16230885X  |4 aut 
245 1 4 |a Die Europäische Integration aus der Sicht der Rechtsprechung nationaler Verfassungsgerichte  |c Peter-Christian Müller-Graff; Anja Reichel 
264 1 |c 1998 
300 |a 54 
336 |a Text  |b txt  |2 rdacontent 
337 |a ohne Hilfsmittel zu benutzen  |b n  |2 rdamedia 
338 |a Band  |b nc  |2 rdacarrier 
700 1 |a Reichel, Anja  |4 aut 
773 0 8 |i In  |t Europapolitische Grundverständnisse im Wandel  |d Bonn : Europa-Union-Verl., 1998  |g (1998), Seite 365-418  |h 571 S  |w (DE-627)250259931  |w (DE-576)069808643  |z 3771305691  |7 nnam  |a Die Europäische Integration aus der Sicht der Rechtsprechung nationaler Verfassungsgerichte 
773 1 8 |g year:1998  |g pages:365-418  |g extent:54  |a Die Europäische Integration aus der Sicht der Rechtsprechung nationaler Verfassungsgerichte 
951 |a AR 
992 |a 20140822 
993 |a BookComponentPart 
994 |a 1998 
998 |g 121637565  |a Müller-Graff, Peter-Christian  |m 121637565:Müller-Graff, Peter-Christian  |d 20000  |d 20500  |e 20000PM121637565  |e 20500PM121637565  |k 0/20000/  |k 1/20000/20500/  |p 1  |x j 
999 |a KXP-PPN1482829894  |e 2812270454 
BIB |a Y 
JSO |a {"recId":"1482829894","name":{"displayForm":["Peter-Christian Müller-Graff; Anja Reichel"]},"relHost":[{"name":{"displayForm":["Mathias Jopp ... (Hrsg.)"]},"part":{"pages":"365-418","year":"1998","text":"(1998), Seite 365-418","extent":"54"},"title":[{"subtitle":"Analysen und Konsequenzen für die politische Bildung","title_sort":"Europapolitische Grundverständnisse im Wandel","title":"Europapolitische Grundverständnisse im Wandel"}],"language":["ger"],"person":[{"given":"Mathias","role":"edt","display":"Jopp, Mathias","family":"Jopp"}],"note":["Includes bibliographical references"],"relMultPart":[{"titleAlt":[{"title":"Analysen"}],"recId":"182317455","pubHistory":["1.1987 -"],"part":{"number_sort":["1400"],"number":["14"]},"corporate":[{"display":"Institut für Europäische Politik","role":"aut"}],"type":{"bibl":"serial"},"title":[{"title_sort":"Analysen zur Europapolitik des Instituts für Europäische Politik","title":"Analysen zur Europapolitik des Instituts für Europäische Politik"}],"language":["ger"],"disp":"Analysen zur Europapolitik des Instituts für Europäische Politik","dispAlt":"Institut für Europäische Politik: Analysen zur Europapolitik des Instituts für Europäische Politik","id":{"zdb":["1196832-1"],"issn":["1431-3154"],"eki":["182317455"]},"origin":[{"dateIssuedDisp":"1987-","publisherPlace":"Bonn","publisher":"Europa-Union-Verl.","dateIssuedKey":"1987"}]}],"origin":[{"dateIssuedDisp":"1998","publisherPlace":"Bonn","publisher":"Europa-Union-Verl.","dateIssuedKey":"1998"}],"physDesc":[{"noteFormat":"21 cm","noteIll":"graph. Darst","extent":"571 S"}],"recId":"250259931","type":{"bibl":"edited-book"},"disp":"Die Europäische Integration aus der Sicht der Rechtsprechung nationaler VerfassungsgerichteEuropapolitische Grundverständnisse im Wandel","id":{"eki":["250259931"],"isbn":["3771305691"]}}],"type":{"bibl":"chapter"},"title":[{"title_sort":"Europäische Integration aus der Sicht der Rechtsprechung nationaler Verfassungsgerichte","title":"Die Europäische Integration aus der Sicht der Rechtsprechung nationaler Verfassungsgerichte"}],"person":[{"display":"Müller-Graff, Peter-Christian","family":"Müller-Graff","role":"aut","given":"Peter-Christian"},{"family":"Reichel","display":"Reichel, Anja","given":"Anja","role":"aut"}],"language":["ger"],"id":{"eki":["1482829894"]},"physDesc":[{"extent":"54 S."}],"origin":[{"dateIssuedDisp":"1998","dateIssuedKey":"1998"}]} 
SRT |a MUELLERGRAEUROPAEISC1998